000 00864nam a2200241 a 4500
001 000918088
003 AM-YeHGA
005 20250617162905.0
008 121005s1959 ||||||||r|||||000|0|rus|d
040 _aAM-YeHGA
041 0 _arus
100 1 _aШтенберг, Абрам Ильич
245 1 0 _aОсновы рационального питания /
_cА.И. Штенберг.
260 _aМосква :
_bМедгиз,
_c1959.
300 _a152 с. ;
_c21 см.
440 0 _aБиблиотека среднего медработника
650 1 4 _aРационального питания организация
650 1 4 _aПитание, потребность в питании
650 1 4 _aПищевые продукты
650 1 4 _aПитательная пригодность
650 1 4 _aДиета
090 _c500928
999 _c497533
_d497533